000 00348nam a22001457a 4500
999 _c15377
_d15377
020 _a9788122613957
082 _a920.894 812 JAC/SR
100 _aJacob Thomas
_93061
245 _aSravukalkkoppam Neenthumbol
250 _a4
260 _aThrissur
_bCurrent Books
_c2017
300 _a240
650 _aMalayalam Autobiography
_93062
942 _cBK